Sports Quiz

Random Sports or Soccer Quiz

Bundesliga 2014-15 all Goal Scorers Quiz Stats

 Plays Quiz not verified by Sporcle

Challenge
Share
Tweet
Embed
Score 0/240 Timer 20:00
0 Plays Today
Team Player % Correct
Bayern MunichArjen Robben
98.9%
Bayern MunichThomas Müller
97.8%
HamburgNicolai Müller
97.8%
Bayern MunichRobert Lewandowski
96.6%
Borussia DortmundPierre-Emerick Aubameyang
95.5%
Bayern MunichFranck Ribéry
95.5%
Borussia DortmundMarco Reus
94.4%
Bayer LeverkusenStefan Kießling
94.4%
Borussia DortmundMats Hummels
93.3%
Bayern MunichMario Götze
91%
Bayern MunichBastian Schweinsteiger
88.8%
WolfsburgBas Dost
86.5%
Eintracht FrankfurtAlexander Meier
85.4%
SchalkeKlaas-Jan Huntelaar
85.4%
Bayern MunichPhilipp Lahm
85.4%
Bayern MunichDavid Alaba
85.4%
WolfsburgAaron Hunt
84.3%
WolfsburgKevin De Bruyne
83.1%
Borussia DortmundShinji Kagawa
82%
Bayern MunichXabi Alonso
80.9%
Borussia MönchengladbachRaffael
80.9%
Bayer LeverkusenSon Heung-min
78.7%
Bayer LeverkusenLars Bender
78.7%
Borussia DortmundNeven Subotić
78.7%
Bayer LeverkusenKarim Bellarabi
77.5%
Borussia MönchengladbachMax Kruse
76.4%
Borussia Dortmundİlkay Gündoğan
76.4%
HoffenheimKevin Volland
76.4%
Bayern MunichJuan Bernat
75.3%
WolfsburgNaldo
74.2%
Borussia DortmundCiro Immobile
74.2%
Borussia MönchengladbachPatrick Herrmann
74.2%
HamburgPierre-Michel Lasogga
74.2%
WolfsburgAndré Schürrle
74.2%
MainzStefan Bell
73%
MainzShinji Okazaki
71.9%
Hertha BerlinSalomon Kalou
71.9%
Borussia DortmundSokratis Papastathopoulos
70.8%
SchalkeJulian Draxler
70.8%
SchalkeMax Meyer
70.8%
Bayer LeverkusenÖmer Toprak
70.8%
HoffenheimRoberto Firmino
69.7%
FreiburgNils Petersen
69.7%
Werder BremenFranco Di Santo
68.5%
Borussia DortmundAdrián Ramos
68.5%
WolfsburgIvica Olić
68.5%
Bayer LeverkusenHakan Çalhanoğlu
68.5%
HamburgIvica Olić
68.5%
HamburgRafael van der Vaart
67.4%
AugsburgRaúl Bobadilla
66.3%
HoffenheimAnthony Modeste
66.3%
SchalkeBenedikt Höwedes
65.2%
Borussia DortmundHenrikh Mkhitaryan
65.2%
KölnAnthony Ujah
64%
Borussia DortmundNuri Şahin
62.9%
Borussia DortmundErik Durm
62.9%
SchalkeEric Maxim Choupo-Moting
61.8%
Bayer LeverkusenJosip Drmić
61.8%
AugsburgTobias Werner
60.7%
Borussia MönchengladbachChristoph Kramer
60.7%
StuttgartTimo Werner
60.7%
Werder BremenZlatko Junuzović
60.7%
WolfsburgRicardo Rodríguez
60.7%
Borussia MönchengladbachGranit Xhaka
59.6%
WolfsburgLuiz Gustavo
59.6%
AugsburgHalil Altıntop
58.4%
HannoverLars Stindl
58.4%
StuttgartMartin Harnik
57.3%
Bayern MunichMehdi Benatia
57.3%
Bayer LeverkusenSimon Rolfes
57.3%
Bayer LeverkusenEmir Spahić
57.3%
Bayer LeverkusenGonzalo Castro
57.3%
Eintracht FrankfurtHaris Seferović
57.3%
FreiburgAdmir Mehmedi
57.3%
WolfsburgDaniel Caligiuri
56.2%
WolfsburgIvan Perišić
56.2%
Bayern MunichMitchell Weiser
55.1%
SchalkeLeroy Sané
55.1%
HannoverSalif Sané
55.1%
Bayern MunichXherdan Shaqiri
53.9%
Team Player % Correct
Borussia MönchengladbachAndré Hahn
53.9%
Werder BremenDavie Selke
51.7%
FreiburgJonathan Schmid
51.7%
SchalkeChristian Fuchs
50.6%
AugsburgPaul Verhaegh
50.6%
Eintracht FrankfurtStefan Aigner
50.6%
Borussia MönchengladbachIbrahima Traoré
50.6%
HannoverJoselu
49.4%
AugsburgDaniel Baier
49.4%
WolfsburgMaximilian Arnold
49.4%
WolfsburgNicklas Bendtner
48.3%
Bayern MunichSebastian Rode
48.3%
SchalkeJoël Matip
48.3%
HannoverChristian Schulz
48.3%
Hertha BerlinNico Schulz
48.3%
Bayer LeverkusenStefan Reinartz
47.2%
Bayer LeverkusenWendell
46.1%
HoffenheimÁdám Szalai
44.9%
Borussia MönchengladbachFabian Johnson
44.9%
Bayer LeverkusenJulian Brandt
44.9%
StuttgartDaniel Ginczek
44.9%
MainzKoo Ja-cheol
44.9%
Hertha BerlinJulian Schieber
43.8%
Borussia MönchengladbachThorgan Hazard
43.8%
Eintracht FrankfurtTakashi Inui
43.8%
Hertha BerlinJohn Brooks
43.8%
Hertha BerlinRonny
43.8%
MainzJúnior Díaz
43.8%
HoffenheimEugen Polanski
43.8%
PaderbornElias Kachunga
42.7%
HoffenheimSebastian Rudy
42.7%
MainzJohannes Geis
42.7%
PaderbornMoritz Stoppelkamp
42.7%
StuttgartDaniel Didavi
42.7%
HamburgGojko Kačar
42.7%
Borussia MönchengladbachTony Jantschke
41.6%
HoffenheimPirmin Schwegler
41.6%
SchalkeRoman Neustädter
41.6%
WolfsburgRobin Knoche
41.6%
HamburgMarcell Jansen
41.6%
StuttgartGōtoku Sakai
41.6%
Borussia MönchengladbachOscar Wendt
41.6%
WolfsburgVieirinha
40.4%
StuttgartChristian Gentner
40.4%
StuttgartAlexandru Maxim
40.4%
Bayer LeverkusenKyriakos Papadopoulos
40.4%
WolfsburgJosuha Guilavogui
40.4%
HoffenheimSejad Salihović
39.3%
HannoverDidier Ya Konan
39.3%
Hertha BerlinValentin Stocker
39.3%
AugsburgSascha Mölders
39.3%
HannoverHiroshi Kiyotake
38.2%
AugsburgJan-Ingwer Callsen-Bracker
37.1%
Bayer LeverkusenTin Jedvaj
37.1%
HamburgArtjoms Rudņevs
37.1%
HoffenheimJannik Vestergaard
37.1%
Eintracht FrankfurtMarco Russ
37.1%
Werder BremenJannik Vestergaard
37.1%
Eintracht FrankfurtTimothy Chandler
37.1%
WolfsburgTimm Klose
37.1%
FreiburgChristian Günter
36%
HannoverLeonardo Bittencourt
36%
AugsburgRagnar Klavan
36%
SchalkeMarco Höger
36%
KölnJonas Hector
36%
StuttgartFilip Kostić
36%
AugsburgPierre Højbjerg
36%
FreiburgVladimír Darida
34.8%
AugsburgMarwin Hitz
34.8%
Hertha BerlinÄnis Ben-Hatira
33.7%
Eintracht FrankfurtAlexander Madlung
33.7%
MainzJonas Hofmann
32.6%
HannoverJimmy Briand
32.6%
MainzYunus Mallı
32.6%
KölnMarcel Risse
31.5%
HoffenheimNiklas Süle
30.3%
HoffenheimSven Schipplock
30.3%
FreiburgOliver Sorg
29.2%
Werder BremenSebastian Prödl
29.2%
Borussia MönchengladbachBranimir Hrgota
29.2%
Team Player % Correct
FreiburgFelix Klaus
29.2%
StuttgartGeorg Niedermeier
29.2%
Borussia MönchengladbachHåvard Nordtveit
29.2%
HannoverMarcelo
29.2%
Eintracht FrankfurtBastian Oczipka
29.2%
SchalkeTranquillo Barnetta
28.1%
MainzNiko Bungert
28.1%
MainzSami Allagui
25.8%
Werder BremenTheodor Gebre Selassie
25.8%
PaderbornLukas Rupp
25.8%
AugsburgTim Matavž
25.8%
Eintracht FrankfurtMarc Stendera
24.7%
HamburgSlobodan Rajković
24.7%
Borussia MönchengladbachRoel Brouwers
23.6%
KölnMatthias Lehmann
23.6%
StuttgartDaniel Schwaab
23.6%
AugsburgDominik Kohr
23.6%
Eintracht FrankfurtLucas Piazon
23.6%
HamburgZoltán Stieber
23.6%
MainzElkin Soto
23.6%
Werder BremenFin Bartels
23.6%
PaderbornSüleyman Koç
22.5%
MainzChristian Clemens
22.5%
KölnYuya Osako
22.5%
HannoverLeon Andreasen
21.3%
Hertha BerlinJohnny Heitinga
21.3%
KölnKevin Vogt
21.3%
PaderbornUwe Hünemeier
21.3%
Hertha BerlinJens Hegeler
21.3%
Hertha BerlinRoy Beerens
21.3%
AugsburgAlexander Esswein
20.2%
StuttgartMoritz Leitner
20.2%
Hertha BerlinSebastian Langkamp
20.2%
StuttgartFlorian Klein
20.2%
HoffenheimTarik Elyounoussi
20.2%
HannoverArtur Sobiech
19.1%
Werder BremenPhilipp Bargfrede
19.1%
HoffenheimErmin Bičakčić
18%
Werder BremenAssani Lukimya
18%
HannoverEdgar Prib
16.9%
AugsburgCaiuby
16.9%
AugsburgMarkus Feulner
15.7%
KölnPaweł Olkowski
15.7%
Werder BremenÁlex Gálvez
15.7%
KölnDominic Maroh
14.6%
Eintracht FrankfurtNelson Valdez
14.6%
Hertha BerlinGenki Haraguchi
14.6%
MainzPablo de Blasis
13.5%
PaderbornSrđan Lakić
13.5%
MainzJairo
13.5%
Werder BremenLevin Öztunalı
13.5%
FreiburgMike Frantz
12.4%
FreiburgMaximilian Philipp
12.4%
PaderbornMario Vrančić
12.4%
StuttgartCarlos Gruezo
11.2%
Eintracht FrankfurtVáclav Kadlec
10.1%
KölnSimon Zoller
10.1%
HannoverCeyhun Gülselam
9%
Hertha BerlinPeter Niemeyer
9%
PaderbornMarvin Ducksch
9%
PaderbornMarvin Bakalorz
9%
FreiburgImmanuel Höhn
9%
PaderbornAlban Meha
9%
KölnYannick Gerhardt
9%
FreiburgSebastian Kerk
7.9%
FreiburgMarc-Oliver Kempf
7.9%
HamburgCléber
7.9%
Werder BremenMelvyn Lorenzen
7.9%
Werder BremenLuca Caldirola
7.9%
PaderbornMahir Sağlık
6.7%
Werder BremenIzet Hajrović
6.7%
PaderbornJens Wemmer
5.6%
PaderbornStefan Kutschke
5.6%
Werder BremenLevent Ayçiçek
5.6%
Hertha BerlinMarcel Ndjeng
4.5%
KölnDeyverson
4.5%
KölnBård Finne
4.5%
AugsburgNikola Đurđić
3.4%
Werder BremenMarnon-Thomas Busch
3.4%
PaderbornMarc Vucinovic
1.1%

You're not logged in!

Compare scores with friends on all Sporcle quizzes.
OR
Log In

You Might Also Like...

Show Comments

Extras

Top Quizzes Today


Score Distribution

Your Account Isn't Verified!

In order to create a playlist on Sporcle, you need to verify the email address you used during registration. Go to your Sporcle Settings to finish the process.

Report this User

Report this user for behavior that violates our Community Guidelines.

Details: